000
00298nam a22001337a 4500
008
171027b xxu||||| |||| 00| 0 eng d
020
_a
0130605255
041
_a
eng
080
_2
2ND
_a
336
100
_a
55
101
_a
MEN
245
_a
BASIC FINANCIAL MANAGEMENT
_c
PETTY,J.W
942
_2
udc
_c
BK
999
_c
36070
_d
36070